000 00574nam a2200145Ia 4500
008 151213s9999 xx 000 0 und d
100 _aসিরাজুল ইসলাম চেীধুর্।ী
245 _aদ্বিতীয় ভুবন।
_cসিরাজুল ইসলাম চেীধুর্।ী
260 _aঢাকা
_bবাংলা একাডেমী।
_c1974
300 _a8514 p.
650 _aBangla
650 _aBengali Literature
700 _aসিরাজুল ইসলাম চেীধুর্।ী
999 _c4351
_d4351